| 000 | 01046nam a22002297a 4500 | ||
|---|---|---|---|
| 001 | BRCA_9205 | ||
| 003 | FranzMayer | ||
| 005 | 20220809134934.0 | ||
| 008 | 220718b |||||||| |||| 00| 0 eng d | ||
| 040 |
_bspa _cMFM |
||
| 041 | 0 | _aspa | |
| 050 |
_aNK7101.5.T67 _bM49 2019 |
||
| 245 |
_aMéxico en plata : _bhistoria y porvenir |
||
| 260 |
_aMéxico : _bFundación E. Arocena, _c2019 |
||
| 300 |
_a111 p. : _bfot. col. ; _c23.5 x 30 cm. |
||
| 500 | _aUbicación: L59-N5 | ||
| 500 | _aCatálogo de la exposición "México en plata. Cinco siglos de identidad compartida" en el Museo Arocena en Torreón, Coahuila (23 de marzo - 5 de agosto de 2012) | ||
| 520 | _aEn el 2009 el Museo Arocena de Torreón, Coahula se dio a la tarea de poner en valor la historia de la platería mexica a través de un magno proyecto expositivo que comprendería obras artísticas desde la época del virreinato hasta el siglo XXI. | ||
| 650 |
_aPlata _vExposición _xHistoria _zTorreón (Coahuila, Mexico) _928457 |
||
| 942 |
_2lcc _cB |
||
| 999 |
_c10824 _d10824 |
||